An introduction to Marxist economics / (Record no. 1748)

000 -LEADER
fixed length control field 00747nam a2200241 a 4500
001 - CONTROL NUMBER
control field 2004183
003 - CONTROL NUMBER IDENTIFIER
control field OSt
005 - DATE AND TIME OF LATEST TRANSACTION
control field 20150505122053.0
008 - FIXED-LENGTH DATA ELEMENTS--GENERAL INFORMATION
fixed length control field 900510s1989 enka b 001 0 eng c
010 ## - LIBRARY OF CONGRESS CONTROL NUMBER
LC control number 90154349
020 ## - INTERNATIONAL STANDARD BOOK NUMBER
International Standard Book Number 0333461010
020 ## - INTERNATIONAL STANDARD BOOK NUMBER
International Standard Book Number 0333461029 (pbk.)
040 ## - CATALOGING SOURCE
Original cataloging agency MH
Transcribing agency MH
050 14 - LIBRARY OF CONGRESS CALL NUMBER
Classification number HB97.5.C376 1989
100 1# - MAIN ENTRY--PERSONAL NAME
Personal name Catephores, George.
245 13 - TITLE STATEMENT
Title An introduction to Marxist economics /
Statement of responsibility, etc George Catephores.
260 ## - PUBLICATION, DISTRIBUTION, ETC. (IMPRINT)
Place of publication, distribution, etc Houndmills, Basingstoke, Hampshire :
Name of publisher, distributor, etc Macmillan Education,
Date of publication, distribution, etc 1989.
300 ## - PHYSICAL DESCRIPTION
Extent xv, 251 p. :
Other physical details ill. ;
Dimensions 25 cm.
504 ## - BIBLIOGRAPHY, ETC. NOTE
Bibliography, etc Includes bibliographical references (p. 243-245) and index.
650 #0 - SUBJECT ADDED ENTRY--TOPICAL TERM
Topical term or geographic name as entry element Marxian economics.
906 ## - LOCAL DATA ELEMENT F, LDF (RLIN)
a 7
b cbc
c orignew
d u
e ncip
f 19
g y-gencatlg
942 ## - ADDED ENTRY ELEMENTS (KOHA)
Source of classification or shelving scheme
Koha item type Book
Holdings
Withdrawn status Lost status Source of classification or shelving scheme Damaged status Not for loan Home library Current library Shelving location Date acquired Total Checkouts Full call number Barcode Date last seen Date checked out Copy number Price effective from Koha item type
          Riara University Library Riara University Library General stack 05/05/2015 1 HB97.5.C376 1989 5705/15 19/01/2021 14/02/2017 C.1 05/05/2015 Book

Riara University Library,
P.O. Box 49940-00100,
Nairobi, Kenya.